Reviews in the neurosciences

Bibliographic Details
Format: Electronic Journal
Language:English
Published: London, England : Freund Publishing House Ltd.
[Patrington, England?] : Freund & Pettman, U.K.
Berlin, Germany : De Gruyter
Subjects:
Online Access:Full text available from Research Library: 07/01/2013 to 01/31/2017

MARC

LEADER 00000nas a2200000 i 4500
001 ssj0000491597
003 WaSeSS
005 20200512172242.0
006 m d
007 cr n
008 111108c19869999gw br pss 0 a0eng
010 |a  2014204044 
016 7 |a 2598365 9  |2 DE-600 
022 |a 2191-0200  |l 0334-1763  |y 0334-1763 
035 |a (WaSeSS)ssj0000491597 
040 |a OCLCE  |b eng  |e pn  |c OCLCE  |d OCLCS  |d DLC  |d OCLCQ  |d OCLCO  |d OCLCF  |d OCLCO  |d DLC  |d COO  |d OCLCQ  |d OCLCO  |d U3W  |d OCLCO  |d OCLCA  |d MOW  |d AU@  |d OCLCO  |d WYU  |d OCLCO  |d AUD  |d OCLCA  |d WaSeSS 
042 |a pcc 
050 0 0 |a RC321 
050 1 4 |a RC321  |b .R376 
060 0 0 |a W1  |b RE253JNJ 
210 0 |a Rev. neurosci.  |b (Internet) 
222 0 |a Reviews in the neurosciences  |b (Internet) 
245 0 0 |a Reviews in the neurosciences  |h [electronic resource]. 
260 |3 1986-1997 :  |a London, England :  |b Freund Publishing House Ltd. 
260 2 |3 1998-2010 :  |a [Patrington, England?] :  |b Freund & Pettman, U.K. 
260 3 |3 2011-<2014> :  |a Berlin, Germany :  |b De Gruyter 
310 |a Bimonthly,  |b 2004-<2014> 
321 |a Quarterly,  |b 1986-2003 
362 1 |a Print began with volume 1, no. 1 (October/December 1986). 
506 |a License restrictions may limit access. 
515 |a Some issues are combined numbers. 
538 |a Mode of access: World Wide Web. 
588 |a Description based on: Volume 1, nos. 3 & 4 (April/September 1987); title from PDF table of contents page (De Gruyter Online, viewed December 9, 2014). 
588 |a Latest issue consulted: Volume 25, issue 6 (2014) (De Gruyter Online, viewed December 9, 2014). 
650 0 |a Neurosciences  |v Periodicals. 
650 7 |a Neurosciences.  |2 fast  |0 (OCoLC)fst01036509 
650 7 |a Neurologie  |2 gnd 
650 7 |a Zeitschrift  |2 gnd 
650 7 |a Nervensystem  |2 gnd 
650 7 |a Krankheit  |2 gnd 
650 2 |a Neurosciences. 
650 2 |a Nervous System. 
655 0 |a Electronic journals. 
776 0 8 |i Print version:  |t Reviews in the neurosciences  |x 0334-1763  |w (DLC)sn 86010699  |w (OCoLC)14986663 
850 |a DLC 
856 4 0 |z Full text available from Research Library: 07/01/2013 to 01/31/2017  |u https://search.proquest.com/publication/2031311